Essential Matlab for Engineers and Scientists / (Record no. 527684)

000 -LEADER
fixed length control field 01117cam a2200361 i 4500
001 - CONTROL NUMBER
control field 19225873
003 - CONTROL NUMBER IDENTIFIER
control field NUST
005 - DATE AND TIME OF LATEST TRANSACTION
control field 20210927161936.0
008 - FIXED-LENGTH DATA ELEMENTS--GENERAL INFORMATION
fixed length control field 160811s2017 ne 001 0 eng
010 ## - LIBRARY OF CONGRESS CONTROL NUMBER
LC control number 2016950804
020 ## - INTERNATIONAL STANDARD BOOK NUMBER
International Standard Book Number 9780081008775
038 ## - RECORD CONTENT LICENSOR
Staff Name khadija
040 ## - CATALOGING SOURCE
Original cataloging agency DLC
Language of cataloging eng
Transcribing agency DLC
Description conventions rda
Modifying agency DLC
042 ## - AUTHENTICATION CODE
Authentication code pcc
050 00 - LIBRARY OF CONGRESS CALL NUMBER
Classification number TA345
Item number .H34 2017
082 00 - DEWEY DECIMAL CLASSIFICATION NUMBER
Classification number 620.002953
Edition number 23
Author Mark HAH
100 1# - MAIN ENTRY--PERSONAL NAME
Personal name Hahn, Brian D.,
Relator term author.
9 (RLIN) 19068
245 10 - TITLE STATEMENT
Title Essential Matlab for Engineers and Scientists /
Statement of responsibility, etc. Brian H. Hahn, Daniel T. Valentine.
250 ## - EDITION STATEMENT
Edition statement Sixth Edition.
264 #1 - PRODUCTION, PUBLICATION, DISTRIBUTION, MANUFACTURE, AND COPYRIGHT NOTICE
Place of production, publication, distribution, manufacture Amsterdam :
Name of producer, publisher, distributor, manufacturer Elsevier,
Date of production, publication, distribution, manufacture, or copyright notice 2017.
300 ## - PHYSICAL DESCRIPTION
Extent xvi, 411 pages ;
Dimensions 24 cm
336 ## - CONTENT TYPE
Content type term text
Content type code txt
Source rdacontent
337 ## - MEDIA TYPE
Media type term unmediated
Media type code n
Source rdamedia
338 ## - CARRIER TYPE
Carrier type term volume
Carrier type code nc
Source rdacarrier
500 ## - GENERAL NOTE
General note Includes index.
563 ## - BINDING INFORMATION
Binding note PB
630 00 - SUBJECT ADDED ENTRY--UNIFORM TITLE
Uniform title MATLAB.
9 (RLIN) 3082
650 #0 - SUBJECT ADDED ENTRY--TOPICAL TERM
Topical term or geographic name entry element Engineering mathematics
General subdivision Data processing.
9 (RLIN) 133
700 1# - ADDED ENTRY--PERSONAL NAME
Personal name Valentine, Daniel T.,
Dates associated with a name 1946-
Relator term author.
9 (RLIN) 19069
906 ## - LOCAL DATA ELEMENT F, LDF (RLIN)
a 7
b cbc
c orignew
d 2
e epcn
f 20
g y-gencatlg
942 ## - ADDED ENTRY ELEMENTS (KOHA)
Source of classification or shelving scheme
Koha item type Book
Holdings
Withdrawn status Lost status Source of classification or shelving scheme Damaged status Not for loan Permanent Location Current Location Shelving location Date acquired Total Checkouts Full call number Barcode Date last seen Date last checked out Price effective from Koha item type Public note
          School of Mechanical & Manufacturing Engineering (SMME) School of Mechanical & Manufacturing Engineering (SMME) General Stacks 08/05/2019 1 620.002953 HAH SMME-3483 07/07/2021 03/12/2021 08/05/2019 Book Rack,41-Shelf,4
© 2023 Central Library, National University of Sciences and Technology. All Rights Reserved.